| 000 | 00898nam a2200253 a 4500 | ||
|---|---|---|---|
| 005 | 20210219160046.0 | ||
| 008 | 080624s1987 mx r 000 0 spa d | ||
| 020 | _a9684060386 (obra completa) | ||
| 020 | _a9684060394 | ||
| 035 | _aUPN01000157551 | ||
| 049 | _aUNE | ||
| 080 | _aOC 902 (72) GAR. | ||
| 100 | 1 | _aGarza Tarazona de González, Silvia | |
| 245 | 1 | 0 |
_aAtlas cultural de México : _barqueología / _cSilvia Garza T. de González, Wanda Tommasi de Magrelli. |
| 260 |
_aMéxico : _bSEP : _bINAH : _bPLANETA, _c1987. |
||
| 300 |
_a186 p. : _bil. |
||
| 690 | _aMéxico - Arqueología | ||
| 690 | _aArqueología - México | ||
| 690 | _aMéxico - Lugares de interés arqueológico | ||
| 700 | 1 |
_aTommasi de Magrelli, Wanda, _ecoaut. |
|
| 710 | 1 |
_aMéxico. _bSecretaría de Educación Pública |
|
| 710 | 2 | _aInstituto Nacional de Antropología e Historia (México) | |
| 905 | _aUNESCO | ||
| 999 |
_c129665 _d129665 |
||